Statistics for Charlton Heston Filmography

Click here to take the quiz!

General Stats

  • This quiz has been taken 14 times
    (2 since last reset)
  • The average score is 10 of 180

Answer Stats

Type Year Name % Correct
Film1959Ben-Hur
100%
Film1956The Ten Commandments
100%
Film1961El Cid
100%
Film1968Planet of the Apes
100%
Film2003Ben Hur
100%
Film1971The Ωmega Man
50%
Film1974Airport 1975
50%
Film1973Soylent Green
50%
Film1974Earthquake
50%
Film1958Touch of Evil
50%
Film1965The War Lord
50%
Film1994True Lies
50%
TV Show1998Friends
50%
TV Show1987The Two Ronnies
0%
TV Special1987Christmas Night with the Two Ronnies
0%
TV Show1987, 1993Saturday Night Live
0%
TV Film1988A Man for All Seasons
0%
Short Film1989Call from Space
0%
Film1975The Fun of Your Life
0%
TV Film1989Original Sin
0%
Film1990Solar Crisis
0%
TV Film1987Proud Men
0%
Film1990Almost an Angel
0%
TV Film1990Treasure Island
0%
TV Film1990The Little Kidnappers
0%
TV Documentary1991The Man Who Saw Tomorrow
0%
TV Show1987The Dame Edna Experience
0%
TV Show1985The Colbys
0%
TV Special1986The Wonderful World of Disney
0%
Film1980The Awakening
0%
Film1976Two-Minute Warning
0%
Film1976The Last Hard Men
0%
TV Show1976Dinah!
0%
Film1977The Prince and the Pauper
0%
TV Special1977Energy: A National Issue
0%
Film1978Gray Lady Down
0%
TV Show1978America 2-Night
0%
Film1980The Mountain Men
0%
Theater1980-1981The Crucifer of Blood
0%
TV Show1986Good Morning America
0%
Film1982Mother Lode
0%
TV Mini-Series1983Chiefs
0%
TV Film1984Nairobi Affair
0%
Documentary1985The Fantasy Film Worlds of George Pal
0%
TV Show1985Aspel & Company
0%
TV Documentary1991Cults: Saying No Under Pressure
0%
TV Show1985Dynasty
0%
Film1976Midway
0%
Film1941Peer Gynt
0%
TV Film1992Noel
0%
Film1992Genghis Khan
0%
TV Show2000The Outer Limits
0%
TV Documentary1998Sword to Secrecy: Secrets of War
0%
Documentary Series1998, 2001Biography
0%
Film1999Gideon
0%
Film1999Any Given Sunday
0%
TV Show1999The Howard Stern Radio Show
0%
TV Documentary1999Bagpipe: Instrument of War - Parts 1 & 2
0%
TV Mini-Series1999Camino de Santiago
0%
TV Show2000Cursed
0%
Film1998Armageddon
0%
Film2001Town & Country
0%
Film2001Cats & Dogs
0%
Film2001The Order
0%
Documentary Series2001Intimate Portrait
0%
TV Show2001Madtv
0%
Documentary2002Bowling for Columbine
0%
TV Show2002Film Genre
0%
TV Show200220/20
0%
TV Show1998Private Screenings
0%
TV Show1997Space Ghost Coast to Coast
0%
TV Film1992A Thousand Heroes
0%
TV Show1995Clive Anderson Talks Back
0%
Film1993Wayne's World 2
0%
Film1993Tombstone
0%
TV Documentary1993The Mystery of the Sphinx
0%
TV Show1994seaQuest DSV
0%
TV Documentary1994The Great Battles of the Civil War
0%
Film1995In the Mouth of Madness
0%
TV Film1995The Avenging Angel
0%
TV Mini-Series1995Texas
0%
TV Show1995, 1996Corazón, Corazón
0%
TV Show1997The Rosie O'Donnell Show
0%
Film1996The Dark Mist
0%
Film1996Alaska
0%
Film1996Hamlet
0%
TV Show1996Àngels de nit
0%
TV Special1996The Mysterious Origins of Man
0%
TV Show1996Ruby Wax Meets...
0%
Film1997Hercules
0%
TV Show1997Dennis Miller Live
0%
TV Show1974The Mike Douglas Show
0%
TV Show1973Jack Paar Tonite
0%
TV Show1974ABC's Wide World of Entertainment
0%
Film1955Lucy Gallant
0%
Film1953Bad for Each Other
0%
TV Show1953Medallion Theatre
0%
Film1954The Naked Jungle
0%
Film1954Secret of the Incas
0%
TV Show1954Danger
0%
Film1955The Far Horizons
0%
Film1955The Private War of Major Benson
0%
TV Show1955The George Gobel Show
0%
Film1953Pony Express
0%
TV Show1955The Colgate Comedy Hour
0%
TV Show1955Omnibus
0%
TV Show1955Person to Person
0%
TV Show1955General Electric Theater
0%
TV Show1955Climax!
0%
TV Show1956The Steve Allen Show
0%
TV Show1956, 1958Playhouse 90
0%
Film1957Three Violent People
0%
Film1953Arrowhead
0%
Film1953The President's Lady
0%
Documentary Series1957, 1994This Is Your Life
0%
Theater1950Design for a Stained Glass Window
0%
Theater1949Leaf and Bough
0%
TV Show1949, 1951Suspense
0%
TV Show1949-1952Studio One
0%
Film1950Julius Caesar
0%
Film1950Dark City
0%
TV Show1950The Clock
0%
TV Show1950The Philco Television Playhouse
0%
TV Show1951Lux Video Theatre
0%
TV Show1952, 1955Robert Montgomery Presents
0%
TV Show1951Schlitz Playhouse of Stars
0%
TV Show1951, 1954Your Show of Shows
0%
Film1952The Greatest Show on Earth
0%
Film1952Ruby Gentry
0%
Film1952The Savage
0%
TV Show1952Curtain Call
0%
Radio Series1952Hollywood Star Playhouse
0%
Radio Series1952-1954Lux Radio Theatre
0%
TV Show1957-1968The Ed Sullivan Show
0%
Short Documentary1958Screen Snapshots: Salute to Hollywood
0%
Film1974The Four Musketeers
0%
TV Show1971The Irv Kupcinet Show
0%
Film1969Number One
0%
Film1970Beneath the Planet of the Apes
0%
Film1970The Hawaiians
0%
Documentary1970King: A Filmed Record... Montgomery to Memphis
0%
TV Show1970The Merv Griffin Show
0%
TV Show1970-1985The Tonight Show Starring Johnny Carson
0%
Film1971Escape from the Planet of the Apes
0%
TV Show1971V.I.P.-Schaukel
0%
Film1968Counterpoint
0%
TV Show1971Parkinson
0%
TV Film1972The Special London Bridge Special
0%
Film1972Skyjacked
0%
Film1972The Call of the Wild
0%
TV Show1972Film Night
0%
Film1973The Three Musketeers
0%
Theater1947-1948Antony and Cleopatra
0%
TV Show1973Dinah's Place
0%
Film1968Will Penny
0%
Short Documentary1967While I Run This Race
0%
Film1958The Big Country
0%
Film1963Diamond Head
0%
Film1958The Buccaneer
0%
TV Show1958Shirley Temple's Storybook
0%
Film1959The Wreck of the Mary Deare
0%
TV Show1960The Revlon Revue
0%
Theater1960The Tumbler
0%
TV Show1961Alcoa Premiere
0%
Film1962The Pigeon That Took Rome
0%
Film196355 Days at Peking
0%
Film1967All About People
0%
Short Documentary1963The Five Cities of June
0%
TV Show1963Hallmark Hall of Fame
0%
Film1965The Greatest Story Ever Told
0%
Film1965The Agony and the Ecstasy
0%
Film1965Major Dundee
0%
Film1966Khartoum
0%
Film1966Follow Me, Boys!
0%
TV Show1966A Whole Scene Going
0%
Film2003My Father, Rua Alguem 555
0%

Score Distribution

Percentile by Number Answered

Percent of People with Each Score

Your Score History

You have not taken this quiz since the last reset